000 04923nab a2200265 i 4500
003 BR-BrBNA
005 20241021144028.0
008 241021b2005 bl.qr|pooa||| 00| 0 por |
040 _aBR-BrBNA
_bpor
072 _aF50
100 _aMantovani, André
100 _aIglesias, Ricardo Rios
245 _aQuando aparece a primeira escama? Estudo comparativo sobre o surgimento de escamas de absorção em três espécies de bromélias terrestres de restinga
500 _aPublicação on-line; 33 ref.; 4 illus.;
520 _a RESUMO (Quando aparece a primeira escama? Estudo comparativo sobre o surgimento de escamas de absorção em três espécies de bromélias terrestres de restinga) O aparecimento de tricomas foliares de absorção (escamas) é analisado em propágulos oriundos de reprodução sexuada (sementes) e assexuada (rametes) de três espécies de bromélias terrestres ocorrentes na restinga abertade Barra de Maricá, Rio de Janeiro (22o58´S- 42o53´W): Aechmea nudicaulis(L.) Griseb.; Neoregelia cruenta (Graham) L. B. Sm. e Vriesea neoglutinosa Mez. Nastrês espécies, a germinação (emissão da radícula) ocorreu apóstrês dias de tratamento. Os eventos “emissão da plúmula” e “completa expansão da plúmula com emissão da segunda folha” ocorreram respectivamente até 11 e 15 dias após a emissão da radícula em A. nudicaulis e N.cruenta.Aanálise morfológica emmicroscopia ótica e eletrônica não detectou escamas até 17 dias após a emissão da radícula. Entretanto pêlos radiculares ocorreram logo nos três primeiros dias de germinação em A. nudicaulis e N. cruenta. Para V. neo glutinosa, a análise morfológica detectou escamas na plúmula ainda em expansão, porém as escamas estavam em fase inicial de formação. Não foram detectados pêlos radiculares em plântulas de V. neo glutinosa durante o experimento. Escamas com desenvolvimento estrutural completo foram observadas nos primórdios foliares junto ao meristema apical do caule dos rametes das três espécies analisadas. Propõe-se aqui que o aparecimento de escamas nas primeiras folhas dos rametes confere alta capacidade de estabelecimento por via vegetativa para as bromélias estudadas na restinga de Barra de Maricá. Tal fato auxiliaria as espécies estudadas a superar a fase de estabelecimento de plântulas, intensamente limitada pelas condições abióticas vigentes nas restingas. Palavras-chave: Bromeliaceae, restingas, plântula,estabelecimento, rametes, tricomas.
520 _a ABSTRACT (When does the first absorptive trichome appear? Comparative analysis of the occurrence of absorptive trichomes in three terrestrial species of bromeliads from Brazilian sandy coastal plains (restinga)) The occurrence of absorptive leaf trichomesis studiedin propagules originated from sexual(seeds) and assexual (ramets) reproduction from three terrestrial bromeliads in restinga of Barra de Maricá, Rio de Janeiro, Brazil (22o58´S - 42o53´W): Aechmea nudicaulis (L.) Griseb.; Neoregelia cruenta (Graham) L. B. Sm. and Vriesea neoglutinosa Mez. For A. nudicaulis and N. cruenta, the radicle protrusion (germination) occursin the third day of experiment. The complete expansion of the plumule and emission of the second leaf occur until 15 days after germination. For both species, no absorptive leaf trichomes were detected until day17 of germination, but several root hairs appear in three days of germination. Results are different for V. neoglutinosa.Although radicle protrusion (germination) occursin three days,the events “plumule emission” and “expanded plumule with secondleaf emission” occurred after 15 and 18 daysrespectively. For thisspecies, absorptive trichomes were detected yet in the young plumule, but still in the initial phase of differentiation. No root hairs occurred for V. neoglutinosa until the end of the experiment. Absorptive trichomes occurred in the shoot apical meristem from ramets of the studied species. Considering that the seedling phase is very sensible to harsh environments, we suggest that the occurrence of absorptive trichomes in the very first leaves of ramets, but not on young seedlings, represents an important adaptive capacity for the establishment of terrestrial bromeliads by assexual reproduction under the abiotic conditions of restinga. Key-words: Bromeliaceae,sandy coastal plains (restingas),seedling, establishment, ramets, trichomes.
650 _aBROMELIACEAE
650 _aRESTINGA
650 _aPLÂNTULA
650 _aBROMÉLIA
773 0 _0709
_9345534
_dRio de Janeiro-RJ Jardim Botanico do Rio de Janeiro 1935
_o2024-6119
_tRodriguésia (Brazil)
_x0370-6583; 2175-7860 on-line
_gv. 56(87) p. 73-84; (2005)
_wBR2024003322
856 _uhttps://www.scielo.br/j/rod/a/xNYWtb7WmX5yLqsRJfNWbHz/?format=pdf&lang=pt
942 _cANA
999 _c328216
_d328216